| 000 | 01474cam a2200361 i 4500 | ||
|---|---|---|---|
| 001 | 30309 | ||
| 003 | Mx-PuUPA | ||
| 005 | 20250508131436.0 | ||
| 008 | 140415s2016 mx abd gr 000 0 spa d | ||
| 020 | _a9786079475437 | ||
| 040 |
_cMx-PuUPA _aMx-PuUPA _bspa _dMx-PuUPA _erda |
||
| 041 | 0 | _aspa | |
| 245 | 1 | 3 |
_aEl petróleo en México y sus impactos sobre el territorio / _cMartín M. Checa-Artasu y Regina Hernández Franyuti, coordinadores |
| 250 | _aPrimera edición | ||
| 264 | 1 |
_aCiudad de México : _bInstituto de Investigaciones Dr. José María Luis Mora, _c2016 |
|
| 300 |
_a268 páginas : _bilustraciones, mapas, gráficas ; _c22 cm |
||
| 336 |
_2rdacontent _atexto _btxt |
||
| 337 |
_2rdamedia _asin medio _bn |
||
| 338 |
_2rdacarrier _avolumen _bnc |
||
| 490 | 0 | _aContemporánea | |
| 490 | 0 | _aEstudios regionales | |
| 650 | 7 |
_2armarc _aPetróleo _xIndustria y comercio _zMéxico _xAspectos ambientales _xHistoria |
|
| 650 | 7 |
_2armarc _aPetróleo _xIndustria y comercio _xAspectos políticos _xHistoria |
|
| 650 | 7 |
_2armarc _aHidrocarburos _xAspectos ambientales |
|
| 651 | 4 |
_aMéxico _xPolítica y gobierno _y1970 |
|
| 651 | 4 |
_aMéxico _xPolítica y gobierno _y2012 |
|
| 700 | 1 |
_aCheca-Artasu, Marín M., _ecoordinador |
|
| 700 | 1 |
_aHernández Frayuti, Regina _ecoordinador |
|
| 942 |
_2ddc _cLI _h333.8232 _iP47 |
||
| 999 |
_c30309 _d30309 |
||